[Event "Cataluña ch 2009"]
[Site "Lleida ESP"]
[Date "2009.05.16"]
[Round "1.1"]
[White "Pruja Ramirez De Cartagena, Marc"]
[Black "Lopez Martinez, Josep Manuel"]
[Result "0-1"]
[WhiteElo "2180"]
[BlackElo "2557"]
[PlyCount "66"]
[EventDate "2009.05.16"]
[EventType "k.o."]
[EventRounds "8"]
[EventCountry "ESP"]
[Source "lmi"]
[SourceDate "2009.05.16"]

1. e4 c6 2. d4 d5 3. Nc3 dxe4 4. Nxe4 Bf5 5. Ng3 Bg6 6. h4 h6 7. Nf3 Nd7 8. h5
Bh7 9. Bd3 Bxd3 10. Qxd3 e6 11. Bf4 Qa5+ 12. Bd2 Qc7 13. O-O-O O-O-O 14. c4
Ngf6 15. Ne4 c5 16. Nxf6 Nxf6 17. Bc3 cxd4 18. Bxd4 Bc5 19. Qe2 Bxd4 20. Rxd4
Rxd4 21. Nxd4 Rd8 22. Nc2 Qf4+ 23. Qe3 Qxc4 24. Qxa7 Rd5 25. Kb1 Rxh5 26. Rc1
Ne4 27. Qe3 Rc5 28. f3 Nf6 29. b3 Qc3 30. Qf4 Rc6 31. Qa4 Nd5 32. Qa8+ Kc7 33.
Qe8 Qf6 0-1

[Event "Cataluña ch 2009"]
[Site "Lleida ESP"]
[Date "2009.05.16"]
[Round "1.1"]
[White "Farran Martos, Francesc X"]
[Black "Magem Badals, Jordi"]
[Result "0-1"]
[WhiteElo "2238"]
[BlackElo "2531"]
[PlyCount "66"]
[EventDate "2009.05.16"]
[EventType "k.o."]
[EventRounds "8"]
[EventCountry "ESP"]
[Source "lmi"]
[SourceDate "2009.05.16"]

1. e4 d5 2. d4 dxe4 3. Nc3 Nf6 4. f3 Bf5 5. g4 Bg6 6. h4 h5 7. g5 Nd5 8. Nxe4
e6 9. c4 Ne7 10. Qb3 Nbc6 11. Ne2 Nf5 12. Be3 Nfxd4 13. Nxd4 Nxd4 14. Bxd4 Qxd4
15. Qxb7 Bxe4 16. fxe4 Rd8 17. Qc6+ Rd7 18. Qa8+ Ke7 19. Rh2 g6 20. Qb7 Bg7 21.
Re2 Be5 22. Qb3 Rb8 23. Qa3+ Ke8 24. Rc1 Bf4 25. Rcc2 Qd1+ 26. Kf2 Be5 27. Kg2
Rd3 28. Qa4+ Kf8 29. Qa5 Rg3+ 30. Kf2 Qd4+ 31. Ke1 Rf3 32. Rg2 Rd8 33. Qd2
Qxe4+ 0-1

[Event "Cataluña ch 2009"]
[Site "Lleida ESP"]
[Date "2009.05.16"]
[Round "1.1"]
[White "Fernandez Aguado, Enrique"]
[Black "Oms Pallisse, Josep"]
[Result "0-1"]
[WhiteElo "2328"]
[BlackElo "2522"]
[PlyCount "40"]
[EventDate "2009.05.16"]
[EventType "k.o."]
[EventRounds "8"]
[EventCountry "ESP"]
[Source "lmi"]
[SourceDate "2009.05.16"]

1. d4 Nf6 2. c4 e6 3. Nc3 d5 4. Nf3 Nbd7 5. Bg5 c6 6. e3 Qa5 7. cxd5 Nxd5 8.
Qd2 Bb4 9. Rc1 c5 10. Bd3 h6 11. Bh4 cxd4 12. exd4 b6 13. O-O O-O 14. Rfe1 Bb7
15. Bb1 Rfc8 16. Qd3 Nf8 17. Ne5 Bxc3 18. Qf3 f6 19. Bxf6 Nxf6 20. Qxb7 Bxe1
0-1

[Event "Cataluña ch 2009"]
[Site "Lleida ESP"]
[Date "2009.05.16"]
[Round "1.1"]
[White "Vehi Bach, Victor Manuel"]
[Black "Alsina Leal, Daniel"]
[Result "1/2-1/2"]
[WhiteElo "2393"]
[BlackElo "2503"]
[PlyCount "119"]
[EventDate "2009.05.16"]
[EventType "k.o."]
[EventRounds "8"]
[EventCountry "ESP"]
[Source "lmi"]
[SourceDate "2009.05.16"]

1. e4 c5 2. Nc3 d6 3. Nge2 Nf6 4. d4 cxd4 5. Nxd4 g6 6. Be3 Bg7 7. f3 O-O 8.
Qd2 Nc6 9. Bc4 Bd7 10. Bb3 Rb8 11. O-O-O Na5 12. Bh6 Bxh6 13. Qxh6 b5 14. g4 b4
15. Nd5 Nxb3+ 16. Nxb3 Nxd5 17. exd5 Rb6 18. Qe3 e5 19. dxe6 fxe6 20. f4 e5 21.
fxe5 Bxg4 22. Rd2 Bf5 23. Nd4 Qa8 24. Rf1 dxe5 25. Nxf5 gxf5 26. Qxe5 Rg6 27.
Rdf2 Qe8 28. Qc5 f4 29. Qxb4 Qe3+ 30. Qd2 Rd8 31. Qxe3 fxe3 32. Re2 Re8 33. c4
Rge6 34. Kc2 Kg7 35. Kc3 h5 36. b4 Kg6 37. h4 Re4 38. Rf3 Rxh4 39. Rfxe3 Rxe3+
40. Rxe3 Rh1 41. c5 h4 42. Kb2 Rf1 43. c6 Kg5 44. Re8 Rf7 45. Rh8 Kg4 46. b5 h3
47. a4 Kg3 48. Kb3 h2 49. a5 Rc7 50. Kc4 a6 51. bxa6 Rxc6+ 52. Kb5 Rc8 53. Rh6
Rf8 54. a7 Rf5+ 55. Kb4 Rf8 56. Rh7 Ra8 57. Rg7+ Kf2 58. Rf7+ Kg2 59. Rg7+ Kf2
60. Rf7+ 1/2-1/2

[Event "Cataluña ch 2009"]
[Site "Lleida ESP"]
[Date "2009.05.16"]
[Round "1.1"]
[White "Mellado Trivino, Juan"]
[Black "Fluvia Poyatos, Joan"]
[Result "0-1"]
[WhiteElo "2427"]
[BlackElo "2469"]
[PlyCount "130"]
[EventDate "2009.05.16"]
[EventType "k.o."]
[EventRounds "8"]
[EventCountry "ESP"]
[Source "lmi"]
[SourceDate "2009.05.16"]

1. c4 e5 2. Nc3 Nc6 3. Nf3 Nf6 4. d4 exd4 5. Nxd4 Bb4 6. g3 Ne4 7. Qd3 Nc5 8.
Qe3+ Qe7 9. Qxe7+ Kxe7 10. Nxc6+ dxc6 11. Bd2 a5 12. O-O-O Be6 13. e3 Bg4 14.
Re1 Rhd8 15. Be2 Nd3+ 16. Bxd3 Rxd3 17. a3 Bxc3 18. Bxc3 Bf3 19. Rhg1 h5 20.
Kc2 Rd7 21. e4 g5 22. Re3 g4 23. Rge1 a4 24. h4 Rg8 25. Rd3 Rg6 26. Rxd7+ Kxd7
27. Kd3 Re6 28. e5 Rg6 29. Ke3 Ke6 30. Kf4 c5 31. Re3 Bg2 32. Rd3 Rg8 33. Rd1
b6 34. Ke3 Bb7 35. Kf4 Ba6 36. Rd2 Bxc4 37. Rd1 Ba2 38. Rd2 Bb1 39. Rd1 Bg6 40.
Rd2 c4 41. Rd4 Bd3 42. Ke3 b5 43. Kf4 Bh7 44. Bb4 Bd3 45. Ba5 Rc8 46. Bc3 Bg6
47. Kg5 Ke7 48. Rd5 Rb8 49. Rc5 Kd7 50. Rd5+ Kc6 51. Rd4 Re8 52. Rf4 Kd5 53.
Rd4+ Ke6 54. Rf4 c5 55. Rf6+ Kd5 56. Kf4 Re6 57. Rxe6 Kxe6 58. Ke3 Kd5 59. Kf4
b4 60. axb4 cxb4 61. Bxb4 Kd4 62. e6 fxe6 63. Kg5 Be8 64. Kf6 Kd3 65. Ke7 Kc2
0-1

[Event "Cataluña ch 2009"]
[Site "Lleida ESP"]
[Date "2009.05.16"]
[Round "1.1"]
[White "Fluvia Poyatos, Jordi"]
[Black "Vila Gazquez, Xavier"]
[Result "0-1"]
[WhiteElo "2442"]
[BlackElo "2449"]
[PlyCount "98"]
[EventDate "2009.05.16"]
[EventType "k.o."]
[EventRounds "8"]
[EventCountry "ESP"]
[Source "lmi"]
[SourceDate "2009.05.16"]

1. e4 c5 2. Nf3 Nc6 3. d4 cxd4 4. Nxd4 Nf6 5. Nc3 e6 6. Ndb5 Bb4 7. a3 Bxc3+ 8.
Nxc3 d5 9. exd5 exd5 10. Bd3 O-O 11. O-O d4 12. Ne2 Bg4 13. Bf4 Re8 14. Qd2 Qb6
15. Ng3 Ne5 16. Bxe5 Rxe5 17. b4 a5 18. Rab1 a4 19. Rfe1 Qc7 20. Rxe5 Qxe5 21.
Re1 Qd5 22. Qf4 Be6 23. Ne4 Nxe4 24. Qxe4 Qxe4 25. Rxe4 Rd8 26. Re5 b6 27. Kf1
g6 28. Ke1 Rc8 29. Re4 Rc3 30. Rxd4 Rxa3 31. Kd2 Ra1 32. Bc4 Bxc4 33. Rxc4 a3
34. Kc3 Rh1 35. Kb3 Rxh2 36. Rc6 Rxg2 37. Rxb6 h5 38. Rd6 h4 39. Rd1 h3 40. b5
h2 41. Rh1 Rxf2 42. c4 Kf8 43. Kxa3 Ke7 44. Kb4 Kd6 45. c5+ Kc7 46. Rd1 Rf4+
47. Ka5 Rh4 48. b6+ Kc6 49. Rh1 g5 0-1

[Event "Cataluña ch 2009"]
[Site "Lleida ESP"]
[Date "2009.05.16"]
[Round "1.1"]
[White "Alonso Rosell, Alvar"]
[Black "Gual Pascual, Antonio"]
[Result "1-0"]
[WhiteElo "2442"]
[BlackElo "2447"]
[PlyCount "52"]
[EventDate "2009.05.16"]
[EventType "k.o."]
[EventRounds "8"]
[EventCountry "ESP"]
[Source "lmi"]
[SourceDate "2009.05.16"]

1. d4 d5 2. c4 e6 3. Nc3 Bb4 4. a3 Bxc3+ 5. bxc3 b6 6. cxd5 exd5 7. e3 Ne7 8.
Bd3 O-O 9. Ne2 Bf5 10. O-O c5 11. Bxf5 Nxf5 12. Nf4 Ne7 13. a4 c4 14. Ba3 Nbc6
15. e4 dxe4 16. d5 Na5 17. d6 Ng6 18. Nxg6 fxg6 19. Qd5+ Kh8 20. d7 Rg8 21.
Rad1 Qc7 22. Be7 Nc6 23. d8=Q Nxd8 24. Qxa8 Qxe7 25. Rfe1 Qf6 26. Qxe4 Rf8 1-0

[Event "Cataluña ch 2009"]
[Site "Lleida ESP"]
[Date "2009.05.17"]
[Round "2.1"]
[White "Lopez Martinez, Josep Manuel"]
[Black "Pruja Ramirez De Cartagena, Marc"]
[Result "1-0"]
[WhiteElo "2557"]
[BlackElo "2180"]
[PlyCount "51"]
[EventDate "2009.05.16"]
[EventType "k.o."]
[EventRounds "8"]
[EventCountry "ESP"]
[Source "lmi"]
[SourceDate "2009.05.16"]

1. e4 c5 2. Nf3 d6 3. d4 cxd4 4. Nxd4 Nf6 5. Nc3 a6 6. Be3 e5 7. Nf3 Be7 8. Bc4
O-O 9. O-O Qc7 10. Bb3 b5 11. Bg5 Bb7 12. Bxf6 Bxf6 13. a4 b4 14. Nd5 Bxd5 15.
Bxd5 Nc6 16. Qd3 a5 17. Nd2 Rac8 18. Nc4 Ne7 19. b3 Rfd8 20. Rad1 Bg5 21. Qe2
Bh6 22. Qh5 Nc6 23. Bxc6 Qxc6 24. Rd5 Rd7 25. Qg4 Rcd8 26. Rfd1 1-0

[Event "Cataluña ch 2009"]
[Site "Lleida ESP"]
[Date "2009.05.17"]
[Round "2.1"]
[White "Magem Badals, Jordi"]
[Black "Farran Martos, Francesc X"]
[Result "1-0"]
[WhiteElo "2531"]
[BlackElo "2238"]
[PlyCount "70"]
[EventDate "2009.05.16"]
[EventType "k.o."]
[EventRounds "8"]
[EventCountry "ESP"]
[Source "lmi"]
[SourceDate "2009.05.16"]

1. e4 d5 2. exd5 Qxd5 3. Nc3 Qa5 4. d4 Nf6 5. Nf3 c6 6. Bc4 Bg4 7. h3 Bh5 8. g4
Bg6 9. Ne5 Nbd7 10. Nxg6 hxg6 11. Bd2 Qb4 12. Qe2 Nb6 13. Nb5 Qxb2 14. Bc3
Qxa1+ 15. Bxa1 cxb5 16. Bxb5+ Nfd7 17. Qf3 Rb8 18. O-O a6 19. Bxd7+ Nxd7 20.
Rb1 b6 21. c4 Rc8 22. Qb7 Kd8 23. c5 bxc5 24. dxc5 Rb8 25. Qe4 Rxb1+ 26. Qxb1
Kc7 27. Qb4 Rxh3 28. Qf4+ Kc6 29. Qxf7 Kxc5 30. Qxg6 e5 31. Qxa6 Bd6 32. Bb2
Kd5 33. Qa8+ Ke6 34. Qg8+ Kf6 35. g5+ Kf5 1-0

[Event "Cataluña ch 2009"]
[Site "Lleida ESP"]
[Date "2009.05.17"]
[Round "2.1"]
[White "Fluvia Poyatos, Joan"]
[Black "Mellado Trivino, Juan"]
[Result "1/2-1/2"]
[WhiteElo "2469"]
[BlackElo "2427"]
[PlyCount "56"]
[EventDate "2009.05.16"]
[EventType "k.o."]
[EventRounds "8"]
[EventCountry "ESP"]
[Source "lmi"]
[SourceDate "2009.05.16"]

1. e4 g6 2. d4 Bg7 3. Be3 d6 4. Qd2 c6 5. c4 Nd7 6. Nc3 a6 7. Nf3 b5 8. h3 Nb6
9. b3 b4 10. Nd1 a5 11. Bd3 c5 12. a3 Bb7 13. axb4 cxb4 14. O-O Nf6 15. Qc2 O-O
16. Nb2 Qc7 17. Ra2 Rfc8 18. Rc1 e5 19. dxe5 dxe5 20. c5 Nbd7 21. Nd2 Bf8 22.
Na4 Qc6 23. Qd1 Ba6 24. Bxa6 Rxa6 25. Rac2 Qb5 26. Qf1 Qxf1+ 27. Kxf1 Nb8 28.
Nb6 Rc7 1/2-1/2

[Event "Cataluña ch 2009"]
[Site "Lleida ESP"]
[Date "2009.05.17"]
[Round "2.1"]
[White "Vila Gazquez, Xavier"]
[Black "Fluvia Poyatos, Jordi"]
[Result "0-1"]
[WhiteElo "2449"]
[BlackElo "2442"]
[PlyCount "62"]
[EventDate "2009.05.16"]
[EventType "k.o."]
[EventRounds "8"]
[EventCountry "ESP"]
[Source "lmi"]
[SourceDate "2009.05.16"]

1. d4 d5 2. Nf3 Nf6 3. c4 e6 4. g3 dxc4 5. Qa4+ Nbd7 6. Bg2 a6 7. Qxc4 b5 8.
Qc2 Bb7 9. O-O c5 10. a4 b4 11. Nbd2 Rc8 12. dxc5 Bxc5 13. Qd1 Qe7 14. Nb3 Ba7
15. Qe1 Bd5 16. Nfd4 Ne4 17. Be3 Ne5 18. Rc1 O-O 19. Na5 Rxc1 20. Qxc1 Qd7 21.
Ndb3 Rc8 22. Qb1 Bxe3 23. Bxe4 Bb6 24. Bxh7+ Kh8 25. Rd1 g6 26. Bxg6 fxg6 27.
Nd4 Bxa5 28. f4 Ng4 29. Qxg6 Qg7 30. Qh5+ Kg8 31. e4 Bb6 0-1

[Event "Cataluña ch 2009"]
[Site "Lleida ESP"]
[Date "2009.05.17"]
[Round "2.1"]
[White "Gual Pascual, Antonio"]
[Black "Alonso Rosell, Alvar"]
[Result "0-1"]
[WhiteElo "2447"]
[BlackElo "2442"]
[PlyCount "54"]
[EventDate "2009.05.16"]
[EventType "k.o."]
[EventRounds "8"]
[EventCountry "ESP"]
[Source "lmi"]
[SourceDate "2009.05.16"]

1. d4 Nf6 2. c4 c5 3. d5 e6 4. Nc3 exd5 5. cxd5 d6 6. Nf3 a6 7. a4 Qe7 8. Ra3
g6 9. Nd2 Bg7 10. Nc4 O-O 11. Bf4 Rd8 12. h3 Ne8 13. e3 Nd7 14. a5 Ne5 15. Nb6
Rb8 16. Rb3 Nd7 17. Nca4 Be5 18. Bxe5 Qxe5 19. Be2 Nc7 20. O-O Nxb6 21. Nxb6
Bd7 22. f4 Qe7 23. Nxd7 Qxd7 24. f5 Re8 25. f6 Re5 26. e4 Rxe4 27. Qc1 Rxe2 0-1

[Event "Cataluña ch 2009"]
[Site "Lleida ESP"]
[Date "2009.05.17"]
[Round "2.1"]
[White "Narciso Dublan, Marc"]
[Black "Monell Camarasa, David"]
[Result "1-0"]
[WhiteElo "2534"]
[BlackElo "2212"]
[PlyCount "45"]
[EventDate "2009.05.16"]
[EventType "k.o."]
[EventRounds "8"]
[EventCountry "ESP"]
[Source "lmi"]
[SourceDate "2009.05.16"]

1. e4 c6 2. d4 d5 3. Nd2 dxe4 4. Nxe4 Bf5 5. Nc5 Nd7 6. Nxb7 Qb6 7. Nc5 Nxc5 8.
dxc5 Qxc5 9. c3 Rd8 10. Qa4 Qb6 11. Nf3 Nf6 12. Ne5 Rc8 13. Ba6 Rc7 14. Nc4 Qc5
15. Bf4 Ne4 16. O-O-O e5 17. Bxe5 Rd7 18. Bd4 Qd5 19. Ne3 Nc5 20. Bxc5 Qxc5 21.
Nxf5 Qxf5 22. Qxc6 Qg5+ 23. f4 1-0

[Event "Cataluña ch 2009"]
[Site "Lleida ESP"]
[Date "2009.05.17"]
[Round "2.1"]
[White "Alsina Leal, Daniel"]
[Black "Vehi Bach, Victor Manuel"]
[Result "1-0"]
[WhiteElo "2503"]
[BlackElo "2393"]
[PlyCount "123"]
[EventDate "2009.05.16"]
[EventType "k.o."]
[EventRounds "8"]
[EventCountry "ESP"]
[Source "lmi"]
[SourceDate "2009.05.16"]

1. e4 c5 2. Nf3 g6 3. d4 cxd4 4. Nxd4 Bg7 5. c4 Nc6 6. Nc2 Nf6 7. Nc3 d6 8. Be2
O-O 9. O-O Nd7 10. Bd2 Nc5 11. b4 Ne6 12. Rc1 a5 13. a3 axb4 14. axb4 Ned4 15.
Nxd4 Nxd4 16. Be3 Nxe2+ 17. Qxe2 Bxc3 18. Rxc3 Be6 19. f4 f6 20. f5 Bf7 21. Bd4
Rc8 22. Qc2 Qd7 23. Kh1 b5 24. c5 dxc5 25. Bxc5 Rfd8 26. Rg3 Qd2 27. Qxd2 Rxd2
28. Bxe7 Rf2 29. Kg1 Rxf1+ 30. Kxf1 Bc4+ 31. Kf2 Kf7 32. Bc5 gxf5 33. exf5 Ra8
34. Rg4 Ra2+ 35. Kg3 Bd5 36. Rd4 Ra3+ 37. Kf4 Bxg2 38. Rd7+ Kg8 39. Rd6 Kg7 40.
Rd7+ Kg8 41. Rd2 Bh1 42. Rd1 Ba8 43. Rd8+ Kf7 44. Rd7+ Kg8 45. Be3 Ra1 46. Bd4
Rf1+ 47. Ke3 Bh1 48. Bxf6 Rxf5 49. Rd6 Bd5 50. Kd4 Bc4 51. Be5 Kf7 52. Rd7+ Kg6
53. Rg7+ Kh6 54. Rg3 Kh5 55. Ke4 Rf1 56. Bf4 Re1+ 57. Be3 Rf1 58. Bf4 Re1+ 59.
Kf5 Be6+ 60. Kf6 Bg4 61. h3 Bc8 62. Rg5+ 1-0

[Event "Cataluña ch 2009"]
[Site "Lleida ESP"]
[Date "2009.05.18"]
[Round "3.1"]
[White "Magem Badals, Jordi"]
[Black "Fluvia Poyatos, Joan"]
[Result "1-0"]
[WhiteElo "2531"]
[BlackElo "2469"]
[PlyCount "65"]
[EventDate "2009.05.16"]
[EventType "k.o."]
[EventRounds "8"]
[EventCountry "ESP"]
[Source "lmi"]
[SourceDate "2009.05.16"]

1. e4 c5 2. Nf3 d6 3. d4 Nf6 4. Nc3 cxd4 5. Nxd4 a6 6. h3 Nc6 7. g4 Qb6 8. Nb3
e6 9. Be3 Qc7 10. f4 b5 11. Bg2 Bb7 12. O-O Be7 13. g5 Nd7 14. Qe1 Nb6 15. Rd1
b4 16. Ne2 Nc4 17. Bc1 e5 18. Kh1 a5 19. fxe5 dxe5 20. Ng3 g6 21. Qf2 O-O 22.
Nc5 Bc8 23. b3 Nd6 24. Nd3 Nb5 25. Nf5 gxf5 26. exf5 f6 27. Bd5+ Kh8 28. g6 Bb7
29. Rg1 Rg8 30. g7+ Rxg7 31. Rxg7 Bd6 32. Rxc7 Nxc7 33. Rg1 1-0

[Event "Cataluña ch 2009"]
[Site "Lleida ESP"]
[Date "2009.05.18"]
[Round "3.1"]
[White "Alsina Leal, Daniel"]
[Black "Oms Pallisse, Josep"]
[Result "1/2-1/2"]
[WhiteElo "2503"]
[BlackElo "2522"]
[PlyCount "90"]
[EventDate "2009.05.16"]
[EventType "k.o."]
[EventRounds "8"]
[EventCountry "ESP"]
[Source "lmi"]
[SourceDate "2009.05.16"]

1. e4 e5 2. Nf3 Nc6 3. Bb5 Nf6 4. d3 Bc5 5. Bxc6 dxc6 6. Be3 Qe7 7. h3 O-O 8.
O-O Bxe3 9. fxe3 Ne8 10. Qe1 Nd6 11. Qg3 f6 12. Nbd2 a5 13. Rf2 a4 14. Raf1 Be6
15. a3 c5 16. c3 Bf7 17. Re1 Rae8 18. Nh4 Be6 19. d4 Bc8 20. dxc5 Nf7 21. c6
bxc6 22. Nf5 Bxf5 23. exf5 Rb8 24. Ne4 Nd6 25. Qg4 Nf7 26. Ng3 Ra8 27. Rd2 Nd6
28. Red1 Rfd8 29. Qb4 Qe8 30. Ne4 Nxf5 31. Qc4+ Kh8 32. Qxc6 Rxd2 33. Qxe8+
Rxe8 34. Rxd2 Nxe3 35. Rd7 h5 36. Nc5 Nf5 37. Nxa4 e4 38. Nc5 e3 39. Nd3 Ng3
40. a4 Ra8 41. b3 h4 42. Re7 Nf5 43. Rd7 Ng3 44. Re7 Nf5 45. Rd7 Ng3 1/2-1/2

[Event "Cataluña ch 2009"]
[Site "Lleida ESP"]
[Date "2009.05.18"]
[Round "3.1"]
[White "Vila Gazquez, Xavier"]
[Black "Narciso Dublan, Marc"]
[Result "0-1"]
[WhiteElo "2449"]
[BlackElo "2534"]
[PlyCount "70"]
[EventDate "2009.05.16"]
[EventType "k.o."]
[EventRounds "8"]
[EventCountry "ESP"]
[Source "lmi"]
[SourceDate "2009.05.16"]

1. d4 f5 2. Nf3 e6 3. g3 Nf6 4. Bg2 d5 5. O-O Bd6 6. c4 c6 7. Nc3 O-O 8. c5 Bc7
9. b4 Bd7 10. Qb3 Be8 11. b5 Ne4 12. bxc6 Nxc6 13. Bf4 Bxf4 14. gxf4 Bh5 15.
Rad1 b6 16. Nxe4 fxe4 17. Ng5 Qe8 18. f3 exf3 19. Nxf3 Rxf4 20. e3 Rf8 21. cxb6
axb6 22. Qxb6 Rxa2 23. Rd2 Ra3 24. Rc2 Bxf3 25. Bxf3 Rxe3 26. Rxc6 Qg6+ 27. Kh1
Rexf3 28. Rxf3 Qe4 29. Rcc3 Rxf3 30. Rxf3 Qxf3+ 31. Kg1 Qe3+ 32. Kg2 h6 33. h4
Kh7 34. Qc5 Qe4+ 35. Kg3 h5 0-1

[Event "Cataluña ch 2009"]
[Site "Lleida ESP"]
[Date "2009.05.19"]
[Round "4.1"]
[White "Alonso Rosell, Alvar"]
[Black "Lopez Martinez, Josep Manuel"]
[Result "1/2-1/2"]
[WhiteElo "2442"]
[BlackElo "2557"]
[PlyCount "150"]
[EventDate "2009.05.16"]
[EventType "k.o."]
[EventRounds "8"]
[EventCountry "ESP"]
[Source "lmi"]
[SourceDate "2009.05.16"]

1. d4 Nf6 2. c4 e6 3. Nc3 Bb4 4. Qc2 d5 5. cxd5 exd5 6. Bg5 c5 7. dxc5 h6 8.
Bh4 g5 9. Bg3 Ne4 10. e3 Qa5 11. Nge2 Bf5 12. Bxb8 Rxb8 13. Nd4 Bd7 14. Bd3
Bxc3+ 15. bxc3 Qxc3+ 16. Qxc3 Nxc3 17. Rc1 Nxa2 18. Rb1 Ke7 19. Kd2 a5 20. Ra1
Nb4 21. Rxa5 Nc6 22. Ra3 Rhc8 23. Rb1 Nd8 24. Rc3 Ra8 25. Rb6 Ra5 26. Rxh6
Rcxc5 27. Rxc5 Rxc5 28. Rh5 Kf6 29. h4 gxh4 30. Nb3 Rc7 31. Rxd5 Be6 32. Rxd8
Bxb3 33. Rh8 Kg5 34. f4+ Kg4 35. Rg8+ Kh5 36. Be2+ Kh6 37. Rh8+ Kg7 38. Rxh4
Rc2+ 39. Kd3 Ra2 40. Bf3 b5 41. Rg4+ Kf8 42. Kc3 Bc4 43. e4 f6 44. Rh4 Kg7 45.
Rh1 Be2 46. Kb3 Bc4+ 47. Kb4 Be2 48. Rc1 Ra4+ 49. Kb3 Bc4+ 50. Kc3 Bf7 51. Rb1
Rc4+ 52. Kd3 b4 53. Rb2 Rc3+ 54. Kd2 Rc4 55. Rc2 Rd4+ 56. Ke3 Rd7 57. Rb2 b3
58. e5 fxe5 59. fxe5 Ra7 60. Kd4 Rd7+ 61. Ke3 Ra7 62. Kd4 Rd7+ 63. Kc3 Rc7+ 64.
Kb4 Re7 65. Re2 b2 66. Rxb2 Rxe5 67. Kc3 Re7 68. Kd4 Bg8 69. Rb5 Bf7 70. Rb6
Bg8 71. Be4 Bh7 72. Bf3 Bg8 73. Rd6 Be6 74. Bc6 Bg8 75. Bd7 Re2 1/2-1/2

[Event "Cataluña ch 2009"]
[Site "Lleida ESP"]
[Date "2009.05.19"]
[Round "4.1"]
[White "Fluvia Poyatos, Joan"]
[Black "Magem Badals, Jordi"]
[Result "1/2-1/2"]
[WhiteElo "2469"]
[BlackElo "2531"]
[PlyCount "37"]
[EventDate "2009.05.16"]
[EventType "k.o."]
[EventRounds "8"]
[EventCountry "ESP"]
[Source "lmi"]
[SourceDate "2009.05.16"]

1. e4 c6 2. d4 d5 3. f3 g6 4. Nc3 Bg7 5. Be3 Qb6 6. Qd2 Qxb2 7. Rb1 Qa3 8. exd5
Nf6 9. Bc4 O-O 10. Nge2 Nbd7 11. dxc6 bxc6 12. Bh6 Nb6 13. Bb3 Ba6 14. Bxg7
Kxg7 15. Ne4 Nxe4 16. fxe4 c5 17. c3 Rad8 18. Qg5 Bxe2 19. Kxe2 1/2-1/2

[Event "Cataluña ch 2009"]
[Site "Lleida ESP"]
[Date "2009.05.19"]
[Round "4.1"]
[White "Narciso Dublan, Marc"]
[Black "Vila Gazquez, Xavier"]
[Result "1/2-1/2"]
[WhiteElo "2534"]
[BlackElo "2449"]
[PlyCount "122"]
[EventDate "2009.05.16"]
[EventType "k.o."]
[EventRounds "8"]
[EventCountry "ESP"]
[Source "lmi"]
[SourceDate "2009.05.16"]

1. c4 e5 2. Nc3 d6 3. Nf3 Nd7 4. d4 Ngf6 5. e4 g6 6. g3 Bg7 7. Bg2 O-O 8. O-O
c6 9. b3 Re8 10. h3 a6 11. a4 exd4 12. Nxd4 Nc5 13. Re1 a5 14. Bf4 Qb6 15. Be3
Bd7 16. Qc2 Re7 17. Rad1 Rae8 18. Kh2 Bc8 19. f3 h6 20. Bf2 Qc7 21. Re2 h5 22.
Kh1 Bh6 23. Ree1 Na6 24. Qb1 Bg7 25. Qc1 Kh7 26. Qd2 Bh6 27. Qb2 Nd7 28. Bf1
Ndc5 29. Ndb5 cxb5 30. Nd5 Bg7 31. Bd4 Bxd4 32. Qxd4 Qd8 33. Nf6+ Kh6 34. Qe3+
g5 35. h4 Re5 36. hxg5+ Kg7 37. Nxe8+ Rxe8 38. cxb5 Nb4 39. Qd4+ Kg8 40. Qxd6
Qxg5 41. Bc4 Ne6 42. Qd2 Qf6 43. f4 b6 44. Qh2 Kg7 45. Rd6 Qc3 46. Qd2 Qxd2 47.
Rxd2 Nc5 48. e5 Bb7+ 49. Kh2 Re7 50. Rd6 Ne4 51. Rxb6 Nf2 52. f5 Rd7 53. e6
Ng4+ 54. Kg1 Re7 55. Rd1 fxe6 56. fxe6 Be4 57. Rd7 Kf6 58. Rb8 Rxe6 59. Rf8+
Ke5 60. Bxe6 Kxe6 61. Rd4 Bd5 1/2-1/2

[Event "Cataluña ch 2009"]
[Site "Lleida ESP"]
[Date "2009.05.20"]
[Round "5.1"]
[White "Lopez Martinez, Josep Manuel"]
[Black "Oms Pallisse, Josep"]
[Result "1/2-1/2"]
[WhiteElo "2557"]
[BlackElo "2522"]
[PlyCount "43"]
[EventDate "2009.05.16"]
[EventType "k.o."]
[EventRounds "8"]
[EventCountry "ESP"]
[Source "lmi"]
[SourceDate "2009.05.16"]

1. e4 e5 2. Nf3 Nf6 3. Nxe5 d6 4. Nf3 Nxe4 5. d4 d5 6. Bd3 Nc6 7. O-O Be7 8. c4
Nb4 9. cxd5 Nxd3 10. Qxd3 Qxd5 11. Re1 Bf5 12. g4 Bg6 13. Nc3 Nxc3 14. Qxc3 f6
15. Nh4 Kd7 16. Bf4 c6 17. Re3 Rhe8 18. Rae1 Bf8 19. Nxg6 hxg6 20. Bg3 g5 21.
b3 Rad8 22. Qd3 1/2-1/2

[Event "Cataluña ch 2009"]
[Site "Lleida ESP"]
[Date "2009.05.21"]
[Round "6.1"]
[White "Oms Pallisse, Josep"]
[Black "Lopez Martinez, Josep Manuel"]
[Result "1/2-1/2"]
[WhiteElo "2522"]
[BlackElo "2557"]
[PlyCount "103"]
[EventDate "2009.05.16"]
[EventType "k.o."]
[EventRounds "8"]
[EventCountry "ESP"]
[Source "lmi"]
[SourceDate "2009.05.16"]

1. d4 Nf6 2. c4 g6 3. Nc3 d5 4. Nf3 Bg7 5. cxd5 Nxd5 6. Na4 O-O 7. e4 Nb6 8.
Be2 Bg4 9. Be3 Nxa4 10. Qxa4 c5 11. dxc5 Bxb2 12. Rb1 Bc3+ 13. Kf1 Bc8 14. g3
Nc6 15. Kg2 Bg7 16. Rhd1 Qc7 17. Bb5 Bd7 18. Bf4 Qc8 19. Qb3 Be6 20. Qa3 Bh3+
21. Kg1 Bg4 22. Be2 Rd8 23. Rxd8+ Nxd8 24. Qb4 e5 25. Be3 Bf8 26. Qb2 Qc7 27.
Rd1 Nc6 28. Ng5 Bxe2 29. Qxe2 Nd4 30. Bxd4 exd4 31. Rxd4 Bxc5 32. Rd5 Be7 33.
Nh3 Rc8 34. Kg2 Qc4 35. Rd3 Qa4 36. Rd2 Rc4 37. f3 Rc1 38. Nf2 h5 39. h4 b5 40.
Nd3 Rc3 41. Ne5 b4 42. Kh3 b3 43. axb3 Qxb3 44. Kg2 a5 45. Qa6 Kg7 46. Qxa5 Rc5
47. Qa1 Bf6 48. f4 Qe3 49. Qd4 Qxd4 50. Rxd4 Bxe5 51. fxe5 Rxe5 52. Kf3 1/2-1/2

[Event "Cataluña ch 2009"]
[Site "Lleida ESP"]
[Date "2009.05.22"]
[Round "7.1"]
[White "Magem Badals, Jordi"]
[Black "Lopez Martinez, Josep Manuel"]
[Result "1/2-1/2"]
[WhiteElo "2531"]
[BlackElo "2557"]
[PlyCount "41"]
[EventDate "2009.05.16"]
[EventType "k.o."]
[EventRounds "8"]
[EventCountry "ESP"]
[Source "lmi"]
[SourceDate "2009.05.16"]

1. e4 c6 2. Nc3 d5 3. Nf3 Bg4 4. h3 Bxf3 5. Qxf3 e6 6. d3 Nd7 7. Bd2 g6 8.
O-O-O Bg7 9. g4 Ne7 10. h4 h6 11. Qg3 Qb6 12. f4 Nc5 13. e5 h5 14. gxh5 Nf5 15.
Qg1 Rxh5 16. Be2 Rh6 17. Bg4 Nd7 18. h5 Qxg1 19. Rdxg1 Ke7 20. hxg6 Rxh1 21.
Rxh1 1/2-1/2

[Event "Cataluña ch 2009"]
[Site "Lleida ESP"]
[Date "2009.05.22"]
[Round "7.1"]
[White "Oms Pallisse, Josep"]
[Black "Narciso Dublan, Marc"]
[Result "1/2-1/2"]
[WhiteElo "2522"]
[BlackElo "2534"]
[PlyCount "77"]
[EventDate "2009.05.16"]
[EventType "k.o."]
[EventRounds "8"]
[EventCountry "ESP"]
[Source "lmi"]
[SourceDate "2009.05.16"]

1. d4 c5 2. c4 e6 3. d5 exd5 4. cxd5 d6 5. Nc3 Ne7 6. Nf3 Ng6 7. g3 Be7 8. Bg2
O-O 9. O-O Re8 10. Nd2 f5 11. e3 Nd7 12. Qc2 Nde5 13. Re1 Bf6 14. Bf1 Bd7 15.
b3 Qa5 16. Bb2 b5 17. Be2 c4 18. bxc4 Nxc4 19. Nxc4 bxc4 20. Rac1 Rac8 21. Kg2
Rc5 22. Bh5 Rb8 23. f4 Ne7 24. Ba1 Nxd5 25. Nxd5 Rxd5 26. Qxc4 Bxa1 27. Rxa1
Rc8 28. Qb3 Ba4 29. Qb7 Rd2+ 30. Kg1 Qc7 31. Qxc7 Rxc7 32. Rac1 Rcc2 33. Rxc2
Rxc2 34. Rb1 g6 35. Bf3 Rc7 36. Rb2 Be8 37. Bd5+ Bf7 38. Bxf7+ Kxf7 39. Kf2
1/2-1/2